00358nam a22001097a 4500008004100000020001800041050002100059100002600080245008200106260004500188300001500233230803b |||||||| |||| 00| 0 eng d a9789966262394 aMT960b.K56 2022 aKimani, Gabriel Thuku aSound design in film :bA Kenyan cinema books series/bycGabriel Thuku Kimani aEldoret, KenyabUtafiti Foundationc2022 axvi, 198p.